MARC

Tag First Indicator Second Indicator Subfields
LEADER 00000cam a2200000 a 4500
001 in00000055952
005 20230927125942.0
008 961115s1937 cou b 001 0 eng d
010 |a  37017783  
016 7 |a 002032389  |2 Uk 
016 7 |a 012800772  |2 Uk 
019 |a 290105  |a 561023432  |a 1001118036  |a 1171132505  |a 1175565998 
029 1 |a AU@  |b 000004028269 
029 1 |a DEBBG  |b BV020420459 
029 1 |a GBVCP  |b 141174781 
029 1 |a GEBAY  |b 8573713 
029 1 |a HEBIS  |b 110732197 
029 1 |a NLGGC  |b 123589916 
029 1 |a NZ1  |b 12293948 
029 1 |a UKMGB  |b 002032389 
035 |a (OCoLC)ocm35920653  
035 |a (OCoLC)35920653  |z (OCoLC)290105  |z (OCoLC)561023432  |z (OCoLC)1001118036  |z (OCoLC)1171132505  |z (OCoLC)1175565998 
035 |a (OCoLC)ocm35920653  
040 |a HOP  |b eng  |c HOP  |d OUN  |d NLGGC  |d OCLCG  |d DRB  |d OCLCA  |d UKMGB  |d OCLCO  |d OCLCQ  |d OCLCF  |d OCLCQ  |d BUF  |d OCLCQ  |d UEJ  |d YUS  |d OCLCQ  |d UWO  |d L2U  |d NLVRD  |d OCLCO  |d OCLCQ 
050 4 |a JX6091  |b .K8 
082 0 4 |a 341.5 
084 |a 86.36  |2 bcl 
100 1 |a Kuhn, Arthur K.  |q (Arthur Kline),  |d 1876-1954. 
245 1 0 |a Comparative commentaries on private international law :  |b or conflict of laws /  |c by Arthur K. Kuhn. 
246 3 |a Conflict of laws 
260 |a New York :  |b Macmillan,  |c 1937. 
300 |a xii, 381 pages ;  |c 21 cm 
336 |a text  |b txt  |2 rdacontent 
337 |a unmediated  |b n  |2 rdamedia 
338 |a volume  |b nc  |2 rdacarrier 
340 |m 8vo.  |2 rdabf 
504 |a Includes bibliographical references and index. 
650 0 |a Conflict of laws. 
650 6 |a Droit international privé. 
650 7 |a 86.36 private international law.  |0 (NL-LeOCL)077608046  |2 bcl 
650 7 |a Conflict of laws.  |2 fast  |0 (OCoLC)fst00874831 
650 1 7 |a Internationaal privaatrecht.  |2 gtt 
650 7 |a Common law.  |2 pplt 
650 7 |a Civil law countries.  |2 pplt 
650 7 |a Private international law.  |2 pplt 
650 7 |a Conflict of laws.  |2 pplt 
655 7 |a Comparative law (form)  |0 (NL-LeOCL)088144526  |2 gtt 
776 0 8 |i Online version:  |a Kuhn, Arthur K. (Arthur Kline), 1876-1954.  |t Comparative commentaries on private international law.  |d New York : Macmillan, 1937  |w (OCoLC)575806503 
856 4 1 |u http://0-www.heinonline.org.catalogue.libraries.london.ac.uk/HOL/Contents?handle=hein.beal/ccpil0001&collection=beal&id=1&size=2  |z access onsite in ULRLS - Hein-On-Line.  |t 0 
856 4 1 |u https://0-heinonline.org.catalogue.libraries.london.ac.uk/HOL/Contents?handle=hein.beal/ccpil0001&collection=beal&id=1&size=2  |z access onsite in ULRLS - Hein-On-Line.  |t 0 
856 4 |x HEIN  |u http://heinonline.org/HOL/Index?index=beal/ccpil&collection=beal  |z Connect to HEIN  |t 0 
948 |h HELD BY TXA - 213 OTHER HOLDINGS 
994 |a Z0  |b TXA 
999 f f |s cff9a062-7690-3fa7-9dd8-8b5db2ad59b9  |i f2322183-9022-3476-b491-96cf311db979  |t 0 
952 f f |p ric  |a Texas A&M University  |b Rellis Campus  |c Joint Library Facility  |d Remote Storage  |t 0  |e K7040 .K84 1937  |h Library of Congress classification  |i unmediated -- volume  |m A14800784758 
998 f f |a K7040 .K84 1937  |t 0  |l Remote Storage